00765cam a2200157 a 4500020003100000020002800031040000800059082002600067100002100093245002500114260005300139300003400192520029500226650002700521856005900548 a9781422179710 (alk. paper) a1422179710 (alk. paper) cDLC00a658 HAR 2008 A116 Or.1 aKotter, John P.,12aA sense of urgency / aBoston, Mass. :bHarvard Business Press,cc2008. axii, 196 p. :bill. ;c22 cm. aIn his international bestseller "Leading Change," Kotter provided an action plan for implementing successful transformations. Now, he shines the spotlight on the crucial first step in his framework: creating a sense of urgency by getting people to actually see and feel the need for change. 0aOrganizational change.41uhttp://www.loc.gov/catdir/toc/ecip0813/2008011152.html